Role of self help groups in economic empowerment of women in rural Haryana (Record no. 127107)

MARC details
000 -LEADER
fixed length control field 00381nam a2200145Ia 4500
008 - FIXED-LENGTH DATA ELEMENTS--GENERAL INFORMATION
fixed length control field 230917s9999||||xx |||||||||||||| ||und||
040 ## - CATALOGING SOURCE
-- 240565
Original cataloging agency VIVEKANANDA LIBRARY
041 ## - Language
-- English
082 ## - DDC NUMBER
Classification number 361.430954 H761R
100 ## - MAIN ENTRY--PERSONAL NAME
Personal name Hooda, Surjeet
245 #0 - TITLE STATEMENT
Title Role of self help groups in economic empowerment of women in rural Haryana
260 ## - PUBLICATION, DISTRIBUTION, ETC. (IMPRINT)
Date of publication, distribution, etc 2016
300 ## - PHYSICAL DESCRIPTION
Pages 221 p.
942 ## - ADDED ENTRY ELEMENTS (KOHA)
Koha item type Thesis
Holdings
Withdrawn status Lost status Damaged status Not for loan Location (home branch) Sublocation or collection (holding branch) Date acquired Koha issues (times borrowed) Koha full call number Accession No. Koha date last seen Koha item type
        VIVEKANANDA LIBRARY VIVEKANANDA LIBRARY 21/06/2017   361.430954 H761R 222988 17/09/2023 Thesis
© Designed and Maintained by Vivekananda Library, MDU Rohtak